000 00613nam a2200181Ia 4500
003 GCL
008 140319s9999 xx 000 0 ara d
040 _aGCL /
_cGCL
082 0 4 _a809
_bا ع
100 1 _aايفاشيفا، فالنتينا
245 1 0 _aعلى ابواب القرن الحادى والعشرين: الثورة التكنولوجية والادب /
_cايفاشيفا، فالنتينا
260 _a[S.N] :
_bالهيئة المصرية العامة للكتاب ،
_c1985
300 _a315 ص
490 _a
650 0 4 _aالادب
650 0 4 _aتاريخ ونقد
942 _2ddc
_cBK
999 _c30462
_d30462